[Event "Europe Echecs online op April"]
[Site "Europe Echecs INT"]
[Date "2020.04.11"]
[Round "3"]
[White "Carron, Jean Marie"]
[Black "Schaub, Marc"]
[Result "0-1"]
[WhiteElo "1703"]
[BlackElo "2000"]
[PlyCount "92"]
[EventDate "2020.04.11"]
[EventType "swiss (blitz)"]
[EventRounds "11"]
[EventCountry "FRA"]
[SourceTitle "EXT 2021"]
[Source "ChessBase"]
[SourceDate "2020.10.23"]
[SourceVersion "1"]
[SourceVersionDate "2020.10.23"]
[SourceQuality "1"]

1. e4 e5 2. Nf3 Nc6 3. Bb5 Nge7 4. c3 g6 5. d4 exd4 6. cxd4 d5 7. exd5 Nxd5 8. Bxc6+ bxc6 9. Nc3 Qe7+ 10. Qe2 Ba6 11. Qe5 f6 12. Qxe7+ Bxe7 13. Bh6 Nb4 14. 0-0-0 Nd3+ 15. Rxd3 Bxd3 16. Re1 Kf7 17. Bf4 Bd6 18. Bxd6 cxd6 19. Kd2 Bf5 20. Ne2 Rhe8 21. Ng3 Rxe1 22. Kxe1 Bd7 23. Kd2 Rb8 24. Kc3 h5 25. Ne4 Ke7 26. Nh4 Be8 27. f3 Ke6 28. g4 hxg4 29. fxg4 Bf7 30. g5 fxg5 31. Nxg5+ Ke7 32. Nxf7 Kxf7 33. Nf3 Re8 34. Kd2 Kf6 35. b3 g5 36. Kd3 Kf5 37. h3 Kf4 38. Nd2 Re3+ 39. Kc4 Rxh3 40. Kb4 Rd3 41. Nc4 Rxd4 42. Kc3 Rxc4+ 43. bxc4 g4 44. Kd2 Kf3 45. Ke1 Kg2 46. Ke2 g3 0-1

[Event "Europe Echecs online op April"]
[Site "Europe Echecs INT"]
[Date "2020.04.11"]
[Round "11"]
[White "Harmelle, Dominique"]
[Black "Carron, Jean Marie"]
[Result "0-1"]
[WhiteElo "1395"]
[BlackElo "1703"]
[PlyCount "130"]
[EventDate "2020.04.11"]
[EventType "swiss (blitz)"]
[EventRounds "11"]
[EventCountry "FRA"]
[SourceTitle "EXT 2021"]
[Source "ChessBase"]
[SourceDate "2020.10.23"]
[SourceVersion "1"]
[SourceVersionDate "2020.10.23"]
[SourceQuality "1"]

1. d4 Nf6 2. Bf4 g6 3. e3 Bg7 4. Nc3 d6 5. Bd3 0-0 6. Nf3 Bg4 7. 0-0 c5 8. h3 Bxf3 9. Qxf3 Nc6 10. dxc5 dxc5 11. a3 Nd7 12. Bb5 Rc8 13. Bxc6 Rxc6 14. Rad1 e5 15. Bh2 Qc7 16. Ne4 Nf6 17. Nxf6+ Rxf6 18. Qe4 Re6 19. Rd2 Rd8 20. Rfd1 Rxd2 21. Rxd2 f5 22. Qd5 Kf7 23. c4 Ke7 24. Qf3 Rd6 25. Qd1 Rxd2 26. Qxd2 Qd6 27. Qxd6+ Kxd6 28. Kf1 a6 29. b3 Kc6 30. Ke2 e4 31. f3 exf3+ 32. gxf3 b5 33. Kd3 b4 34. a4 Kd7 35. e4 Ke6 36. exf5+ Kxf5 37. Ke3 Be5 38. Bg1 Bd4+ 39. Ke2 Bxg1 40. Kf1 Bd4 41. Ke2 Kf4 42. Kd2 Kxf3 43. a5 Kg3 44. Ke2 Kxh3 45. Kf3 g5 46. Ke4 g4 47. Kd5 g3 48. Ke6 g2 49. Kf5 g1Q 50. Ke6 Qg2 51. Kd6 Qb7 52. Ke6 Qc6+ 53. Kf7 Qf6+ 54. Ke8 Qe6+ 55. Kd8 Bf6+ 56. Kc7 Qe7+ 57. Kb6 Be5 58. Kxa6 Qd7 59. Kb6 Qd6+ 60. Kb7 Qc7+ 61. Ka6 Qc6+ 62. Ka7 Bf6 63. Kb8 Be5+ 64. Ka7 Qd6 65. Ka8 Qb8# 0-1

[Event "Zuerich op-B 40th"]
[Site "Zuerich"]
[Date "2016.12.28"]
[Round "4"]
[White "Carron, Jean Marie"]
[Black "Milovanovic, Milos"]
[Result "0-1"]
[WhiteElo "1757"]
[BlackElo "1854"]
[PlyCount "104"]
[EventDate "2016.12.26"]
[EventType "swiss"]
[EventRounds "7"]
[EventCountry "SUI"]
[SourceTitle "EXT 2019"]
[Source "ChessBase"]
[SourceDate "2018.10.10"]
[SourceVersion "1"]
[SourceVersionDate "2018.10.10"]
[SourceQuality "1"]

1. e4 c5 2. Nf3 d6 3. d4 cxd4 4. Nxd4 Nf6 5. Nc3 a6 6. Be3 e5 7. Nde2 Ng4 8. Bc1 Qb6 9. f3 Qf2+ 10. Kd2 Ne3 11. Qe1 Qxe1+ 12. Kxe1 Nxc2+ 13. Kd1 Nxa1 14. Nd5 Kd8 15. Nb6 Ra7 16. Be3 Nc6 17. Nxc8 Kxc8 18. Bxa7 Nxa7 19. Nc3 Nc6 20. Bd3 Nb4 21. Kd2 Nxd3 22. Kxd3 Nb3 23. axb3 Be7 24. Nd5 Bd8 25. b4 b5 26. Rc1+ Kb7 27. Ne3 g6 28. Nd5 h5 29. h4 Rh7 30. b3 f5 31. exf5 gxf5 32. Ne3 Rf7 33. g3 f4 34. gxf4 Rxf4 35. Ke2 Rxb4 36. Nf5 Bc7 37. Rc3 Rf4 38. Ng7 Rxh4 39. Kf2 Ba5 40. Rd3 Kc6 41. Rxd6+ Kxd6 42. Nf5+ Kc5 43. Nxh4 Kb4 44. Ng6 Bb6+ 45. Kg3 Bd4 46. Ne7 Kxb3 47. Nc6 Bc3 48. Kh4 a5 49. Na7 b4 50. Nc6 a4 51. Na5+ Kb2 52. Kxh5 a3 0-1